Teoría y realidad en Marx, Durkheim y Weber /

-д хадгалсан:
Номзүйн дэлгэрэнгүй
Үндсэн зохиолч: Bravo, Víctor (autor)
Бусад зохиолчид: Díaz-Polanco, Héctor (autor) (autor), Michel, Marco A. (autor) (autor)
Формат: Ном
Хэл сонгох:испани
Хэвлэсэн: México : Juan Pablos, 1989, c1979
Хэвлэл:8a edición
Нөхцлүүд:
Шошгууд: Шошго нэмэх
Шошго байхгүй, Энэхүү баримтыг шошголох эхний хүн болох!

MARC

LEADER 00000nam^a2200000^a^4500
001 000029782
005 20250521000000.0
009 20260310084939.384
020 |a 968-6039-77-5 
037 |a Acervo ITESO - Biblioteca 
041 |a ESP 
082 |a 300. 1  |b BRA 
100 |a Bravo, Víctor  |e (autor) 
245 1 0 |a Teoría y realidad en Marx, Durkheim y Weber /  |c V. Bravo, H. Díaz-Polanco, M.A. Michel. 
250 |a 8a edición 
264 4 |a México :  |b Juan Pablos,  |c 1989, c1979 
300 |a 159 p. 
336 |a texto  |b txt  |2 rdacontenido 
337 |a sin mediación  |b n  |2 rdamedio 
338 |a volumen  |b nc  |2 rdasoporte 
649 |a XX 
650 |a Realidad 
650 |a Marxismo -  |x Teoría 
650 |a Weberanismo 
650 |a Funcionalismo 
650 |a Sociología -  |x Teoría -  |x Tema Principal 
700 |a Díaz-Polanco, Héctor  |e (autor) 
700 |a Michel, Marco A.  |e (autor) 
910 |a Fondo General 
920 |a Impresos - Libros 
930 |a Colección General 
905 |a 101 
901 |a 0297820100  |b IT1  |c ACC  |i 029782  |u 20250521 
902 |a https://opac.biblio.iteso.mx/vufind/Record/000029782